| 000 | 01062nam a22002650a 4500 | ||
|---|---|---|---|
| 001 | PT894 | ||
| 003 | AR-LpoUNG | ||
| 005 | 20210131232914.0 | ||
| 008 | 191001s1981||||ag |||||||||||||||||spa d | ||
| 040 |
_aAR-LpoUNG _bspa _cAR-LpoUNG _eaacr |
||
| 041 | _aspa | ||
| 044 | _aag | ||
| 082 | 0 | _a982 691 | |
| 245 | 1 | 0 |
_aCompilación cronológica de los presidentes, vicepresidentes de la Nación Argentina, ministros de hacienda, de economía, secretarios de estado de hacienda y/o finanzas, secretarios de estado de programación y coordinación económica y sus respectivos subsecretarios. volúmen año "A" : _bantecedentes relacionados con los presidentes y vicepresidentes de la Nación |
| 260 |
_aBuenos Aires : _bMinisterio de Economía, _c1981. |
||
| 300 |
_a308 p. : _bgráfs. |
||
| 650 | 4 | _aANALISIS HISTORICO | |
| 650 | 4 | _aGOBIERNO | |
| 650 | 4 | _aHISTORIA | |
| 650 | 4 | _aHISTORIA NACIONAL | |
| 651 | 4 | _aArgentina | |
| 710 | 2 | _aArgentina. Ministerio de Economía, Hacienda y Finanzas. Departamento de biblioteca. | |
| 905 | _a894 | ||
| 942 | _cLIB | ||
| 999 |
_c18118 _d18118 |
||